[Event "GER Seniors Derby 06th"]
[Site "Wesel Undeloh"]
[Date "2007.04.13"]
[Round "2.23"]
[White "Queiss, Bernd"]
[Black "Gunkel, Wolfgang"]
[Result "0-1"]
[WhiteElo "1908"]
[BlackElo "1564"]
[PlyCount "62"]
[EventDate "2007.04.12"]
[EventType "swiss"]
[EventRounds "7"]
[EventCountry "GER"]
[SourceTitle "EXT 2022"]
[Source "ChessBase"]
[SourceDate "2021.10.06"]
[SourceVersion "1"]
[SourceVersionDate "2021.10.06"]
[SourceQuality "1"]

1. b4 Nf6 2. Bb2 e6 3. a3 d5 4. e3 Be7 5. c4 0-0 6. Nf3 c5 7. bxc5 Bxc5 8. d4 Be7 9. cxd5 Nxd5 10. Bc4 Nb6 11. Qc2 Nxc4 12. Qxc4 Nc6 13. 0-0 Na5 14. Qe2 Bd7 15. Nc3 Rc8 16. Rfd1 Nc4 17. Rac1 Qb6 18. Ba1 Nxa3 19. Ne5 Rfd8 20. Nxd7 Rxd7 21. Na4 Qd8 22. Rxc8 Qxc8 23. Bb2 Qc4 24. Qxc4 Nxc4 25. Ba1 b5 26. Nc3 b4 27. Na4 b3 28. Bc3 Ba3 29. Rb1 b2 30. Bxb2 Nxb2 31. Nxb2 Rb7 0-1